000 00423nam a2200181Ia 4500
005 20250423095238.0
008 250422s9999 xx 000 0 und d
020 _a817648752X
050 _aTD 177 .M37/
100 _aMarkandey, Dilip Kumar
245 0 _aEnvironmental biotechnology
260 _aNew Delhi
260 _bS.B Nangia
260 _c2004
300 _a200 p
650 _aBioremediation
942 _cBK
999 _c29685
_d29685